000
00257nam a2200109Ia 4500
008
220204s9999 xx 000 0 und d
082
_a
011
_b
BON
100
_a
BONO, Edward de
245
0
_a
Happiness purpose
260
_a
England
_b
Penguin
_c
1977
942
_c
BK
999
_c
32991
_d
32991